Detalles MARC
| 000 -CABECERA |
| Longitud fija campo de control |
01814nam a2200361 i 4500 |
| 005 - • FECHA Y HORA DE LA ÚLTIMA TRANSACCIÓN |
| Fecha y hora de la última transacción |
20220316235428.0 |
| 007 - • CAMPO FIJO DE DESCRIPCIÓN FÍSICA |
| Campo fijo de descripción física |
ta |
| 008 - • CÓDIGOS DE INFORMACIÓN DE LONGITUD FIJA |
| Códigos de información de longitud fija |
200425s2002 ck a gr 000 j spa d |
| 020 ## - • NÚMERO INTERNACIONAL NORMALIZADO PARA LIBROS |
| Número Internacional Normalizado para Libros (ISBN) |
9583005363 |
| 040 ## - FUENTE DE LA CATALOGACIÓN |
| Centro catalogador de origen |
CO-BoRNBP |
| Lengua de catalogación |
spa |
| Centro transcriptor |
CO-BoRNBP |
| Normas de descripción |
rda |
| 041 1# - • CÓDIGO DE LENGUA |
| Código de lengua original |
eng |
| 043 ## - CÓDIGO DE ÁREA GEOGRÁFICA |
| Código de área geográfica |
as--- |
| 084 ## - • Clasificación Local Alfanúmerica PNLB |
| Número de clasificación |
C SAK1 |
| 100 1# - • PUNTO DE ACCESO PRINCIPAL-NOMBRE DE PERSONA |
| Nombre de persona |
Saki |
| Fechas asociadas al nombre |
1870-1916 |
| Término indicativo de función |
autor |
| 245 10 - • TITULO PROPIAMENTE DICHO |
| Título |
Cuentos indiscretos |
| Mención de responsabilidad, etc. |
Saki ; traducido por Gonzalo Mallarino ; ilustrado por Daniel Jaime |
| 250 ## - • MENCIÓN DE EDICIÓN |
| Mención de edición |
Primera edición |
| 264 #1 - PRODUCCIÓN, PUBLICACIÓN , DISTRIBUCIÓN, FABRICACIÓN Y COPYRIGHT |
| Lugar de producción, publicación, distribución, fabricación |
Bogotá, Colombia |
| Nombre del productor, editor, distribuidor, fabricante |
Panamericana |
| Fecha de de producción, publicación, distribución, fabricación o copyright |
2002 |
| 300 ## - • DESCRIPCIÓN FÍSICA |
| Extensión |
225 páginas |
| Otras características físicas |
ilustraciones a color |
| Dimensiones |
15 cm |
| 336 ## - TIPO DE CONTENIDO |
| Término de tipo de contenido |
texto |
| Código de tipo de contenido |
txt |
| Fuente |
rdacontent |
| 337 ## - TIPO DE MEDIO |
| Nombre del tipo de medio |
sin mediación |
| Código del tipo de medio |
n |
| Fuente |
rdamedia |
| 338 ## - TIPO DE SOPORTE |
| Nombre del tipo de soporte |
volumen |
| Código del tipo de soporte |
nc |
| Fuente |
rdacarrier |
| 490 0# - • MENCIÓN DE SERIE |
| Mención de serie |
Cajón de cuentos |
| 500 ## - • NOTA GENERAL |
| Nota general |
Héctor Hugh Munro, conocido por el seudónimo literario Saki |
| 520 ## - • NOTA DE RESUMEN |
| Resumen, etc, |
Saki no ensaya fórmulas desconcertantes, ni alteraciones en la línea narrativa; es un revolucionario en la intención y el fondo, que utiliza la magia de las palabras para dar un salto gigantesco hasta las creaciones que examinan la condición humana a la luz de una concepción despiadada pero objetiva, bordeando la literatura del absurdo. Su fibra irónica y su efecto humorístico son, en algunas ocasiones, devastadores. Los primeros lectores de Saki descubrirán cómo les apuesta siempre a los más débiles y a los perseguidos por los automatismos y la prepotencia del orden social |
| 521 ## - • NOTA DE PÚBLICO DESTINATARIO |
| Nota público destinatario (R ) |
Recomendado a partir de los 18 años |
| 534 ## - • Nota De Versión Original |
| Edition statement of original |
The complete stories of Saki |
| 650 17 - • PUNTO DE ACCESO ADICIONAL DE MATERIA - TÉRMINO DE MATERIA |
| Término de materia o nombre geográfico como elemento inicial |
Cuentos birmanos |
| Subdivisión cronológica |
Siglo XIX |
| Fuente del encabezamiento o término |
ARMARC |
| 650 17 - • PUNTO DE ACCESO ADICIONAL DE MATERIA - TÉRMINO DE MATERIA |
| Término de materia o nombre geográfico como elemento inicial |
Literatura birmana |
| Subdivisión cronológica |
Siglo XIX |
| Fuente del encabezamiento o término |
ARMARC |
| 650 17 - • PUNTO DE ACCESO ADICIONAL DE MATERIA - TÉRMINO DE MATERIA |
| Término de materia o nombre geográfico como elemento inicial |
Problemas sociales |
| Subdivisión de forma |
Cuento |
| Fuente del encabezamiento o término |
ARMARC |
| 700 1# - • PUNTO DE ACCESO ADICIONAL - NOMBRE DE PERSONA |
| Nombre de persona |
Jaime, Daniel |
| Fechas asociadas al nombre |
ilustrador |
| 700 1# - • PUNTO DE ACCESO ADICIONAL - NOMBRE DE PERSONA |
| Nombre de persona |
Mallarino Botero, Gonzalo |
| Término indicativo de función |
traductor |
| 942 ## - ENTRADA DE ELEMENTOS AGREGADOS (KOHA) |
| Fuente de clasificaión o esquema |
|
| Koha [por defecto] tipo de item |
Libro Literatura |